000 00359 a2200145 4500
005 20260625001047.0
020 _a9781071637371
084 _2CC
_aE9G11
100 _aHAWLEY ,Teresa S & HAWLEY, Robert G, Ed.
_914577
245 _aFlow Cytometry Protocols
250 _aEd.5
260 _bHumana Press,
_c2024,
_aUSA.
300 _a458 p.
942 _cBK
_2CC
999 _c756782
_d756782